Nehezen megoldható biológia problémafeladatok

Elmentve itt :
Bibliográfiai részletek
Szerző: Revákné Markóczi Ibolya
Dokumentumtípus: Cikk
Megjelent: 2004
Sorozat:Iskolakultúra 14 No. 4
Online Access:http://misc.bibl.u-szeged.hu/39606
LEADER 00596nab a2200169 i 4500
001 misc39606
005 20191106140802.0
008 180709s2004 hu o 0|| zxx d
022 |a 1215-5233 
040 |a SZTE Miscellanea Repozitórium  |b hun 
041 |a zxx 
100 2 |a Revákné Markóczi Ibolya 
245 1 0 |a Nehezen megoldható biológia problémafeladatok  |h [elektronikus dokumentum] /  |c  Revákné Markóczi Ibolya 
260 |c 2004 
300 |a 42-50 
490 0 |a Iskolakultúra  |v 14 No. 4 
856 4 0 |u http://misc.bibl.u-szeged.hu/39606/1/EPA00011_iskolakultura_2004_04_042-050.pdf  |z Dokumentum-elérés